00777 a2200205 450000500170000000800410001702000180005804000620007604100080013824500690014626000600021530000510027549000380032650400530036465000270041765000500044465000250049470000250051970000270054420140903175020.0140204s2000 xxuad frad 001 0 eng d a9780631235781 aCO-BoUCMbspacJavier Garzón (modificó)dHenry Ríos0 aeng02aA companion to the cityceditado por Gary Bridge y Sophie Watson bBlackwellaMalden (Massachusetts, Estados Unidos)c2000 axiv, 640 páginasbilustraciones y gráficas0 aBlackwell companions to geography aIncluye referencias bibliográficas e índices 4aSociología cultural  7aCiudades y pueblosxEstudios transculturales  7aSociología urbana 1 aBridge, Garyeeditor1 aWatson, Sophieeeditor